Critics within and without academe assail professors at research universities (Record no. 65276)
[ view plain ]
| 000 -CABECERA | |
|---|---|
| campo de control de longitud fija | 00706nam a2200241 a 4500 |
| 005 - FECHA Y HORA DE LA ÚLTIMA TRANSACCIÓN | |
| campo de control | 20210219152956.0 |
| 008 - ELEMENTOS DE LONGITUD FIJA--INFORMACIÓN GENERAL | |
| campo de control de longitud fija | 991125n 000 0 u |
| 035 ## - NÚMERO DE CONTROL DEL SISTEMA | |
| Número de control de sistema | UPN01000070199 |
| 100 ## - ASIENTO PRINCIPAL--NOMBRE PERSONAL | |
| Nombre de persona | Mooney, Carolyn J. |
| 222 ## - TÍTULO CLAVE | |
| Título clave | CHRONICLE OF HIGHER EDUCATION |
| 245 ## - MENCIÓN DE TÍTULO | |
| Título | Critics within and without academe assail professors at research universities |
| 300 ## - DESCRIPCIÓN FÍSICA | |
| Extensión | A17-19 |
| 362 ## - FECHAS DE PUBLICACIÓN Y/O DESIGNACIÓN SECUENCIAL | |
| Fecha de publicación y/o designación secuencial | 39, No. 10, 1992 |
| 505 ## - NOTA DE CONTENIDO CON FORMATO PREESTABLECIDO | |
| Nota de contenido con formato | Marzo 1993 |
| 653 0# - TERMINO DE INDIZACION - NO CONTROLADO | |
| Término no controlado | AUTONOMIA PERSONAL |
| 653 0# - TERMINO DE INDIZACION - NO CONTROLADO | |
| Término no controlado | CANTIDAD DE TRABAJO DE LA FACULTAD |
| 653 0# - TERMINO DE INDIZACION - NO CONTROLADO | |
| Término no controlado | FACULTAD COLEGIAL |
| 653 0# - TERMINO DE INDIZACION - NO CONTROLADO | |
| Término no controlado | INVESTIGACION UNIVERSITARIA |
| 653 0# - TERMINO DE INDIZACION - NO CONTROLADO | |
| Término no controlado | OPINION PUBLICA |
| 653 0# - TERMINO DE INDIZACION - NO CONTROLADO | |
| Término no controlado | ROL DEL MAESTRO |
| 904 ## - ELEMENTOS DE DATOS D LOCAL, LDD (RLIN) | |
| a | AC |
| b | 008010 |
| 905 ## - TIPO DE MATERIAL | |
| Tipo de material | Articulo |
No items available.
